Popular Girls Names in 1913 and 2013 Quiz Stats

Quiz Updated Dec 5, 2014

Challenge
Share
Tweet
Embed
Score 0/122 Timer 12:00
1 Play Today
Name % Correct
Mary
85.6%
Elizabeth
80.7%
Eliza
79.2%
Anna
78%
Sara
71.8%
Catherine
70.1%
Sarah
69.9%
Katherine
67.9%
Emma
67.1%
Emily
66.6%
Maria
61.7%
Jane
61.6%
Laura
58.8%
Margaret
58.2%
Rose
56.2%
Hannah
55.1%
Rachel
54.7%
Amy
54.4%
Olivia
53.2%
Kate
52.3%
Victoria
51.3%
Julia
51.2%
Isabel
50.9%
Alice
50.6%
Rebecca
50.5%
Julie
50.1%
Grace
49.2%
Caroline
47.3%
Annie
46.5%
Katie
46%
Amanda
45.6%
Eve
45.4%
Isabella
44.4%
Charlotte
44.4%
Christina
44.3%
Lily
44.3%
Ella
44.3%
Helen
43.7%
Sophia
43.6%
Ruth
42.3%
Eva
42.1%
Name % Correct
Ava
41.4%
Lucy
41%
Sophie
39.2%
Amelia
39.2%
Evelyn
35.4%
Molly
34.3%
Kathryn
34.1%
Angela
34%
Eleanor
33.8%
Isabelle
33.7%
Claire
33.6%
Lillian
30.9%
Bella
30.9%
Stephanie
30.8%
Natalie
30%
Nora
29.6%
Olive
29.4%
June
29.4%
Violet
29.2%
Josephine
28.7%
Ruby
28.6%
Clara
28.5%
Madeline
28.4%
Leah
28.1%
Georgia
27.9%
Daisy
27.9%
Maggie
27.6%
Veronica
27.5%
Esther
26.7%
Lilly
26.2%
Annabelle
26%
Audrey
25.8%
Jacqueline
25.3%
Ada
23.7%
Cora
23.5%
Lucille
22.1%
Vivian
21.6%
Stella
21.4%
Joy
20.8%
Valerie
20.8%
Angelina
20.4%
Name % Correct
Iris
20.3%
Lydia
19.9%
Cynthia
19.6%
Ivy
18.9%
Naomi
17.8%
Hazel
17.6%
Elise
17.4%
Nina
17.4%
Sadie
17.1%
Allie
16.1%
Josie
15.7%
Lola
15.6%
Vera
15.4%
Elena
15.1%
Lila
14.8%
Lena
14.7%
Juliette
14.6%
Gracie
14.4%
Adelaide
13.9%
Adeline
13.9%
Elsie
13.8%
Madelyn
13.6%
Phoebe
13.2%
Madeleine
12.8%
Camille
11.3%
Cecilia
11.3%
Evangeline
10.6%
Angie
10.6%
Gwendolyn
9.6%
Genevieve
9.4%
Lucia
9.3%
Miriam
9.2%
Eloise
9.2%
Carmen
9%
Priscilla
8.9%
Callie
8.8%
Valeria
8.6%
Leila
6.8%
Rosalie
6.5%
Guadalupe
3.3%

You're not logged in!

Compare scores with friends on all Sporcle quizzes.
Join for Free
OR
Log In

You Might Also Like...

Show Comments

Extras

Top Quizzes Today


Score Distribution

Your Account Isn't Verified!

In order to create a playlist on Sporcle, you need to verify the email address you used during registration. Go to your Sporcle Settings to finish the process.

Report this User

Report this user for behavior that violates our Community Guidelines.

Details: